01221cam a2200277 a 450000100100000000500170001000800410002702000150006803500190008303500210010203500320012304000340015508200180018910000450020724500690025226001670032130000210048850400570050965000370056665000430060391000340064604900090068095201160068995201210080599900170092600001450920200929163849.0970624s1996 ve b 000 0 spa d a9978950419 a(DLC) 97165521 a(CU)GLAD84451638 a(CStRLIN)CUBGGLAD84451638-B aDO-SdBNPbspacBNPHUdCUdDLC a327.16bB275p1 aBarriga López, Franklin,d1945-93005210aProblemas del mundo contemporáneo /cFranklin Barriga López. aCaracas :bGrupo de Observadores Latinoamericanos, Sede Central ;aQuito, Ecuador :bInstituto Ecuatoriano de Estudios para las Relaciones Internacionales,c1996. a237 p. ;c22 cm. aIncluye referencias bibliográficas: (p. [229]-231) 4aConflictos internacionales91885 4aPolítica internacionaly1989-932682 aCatalogación por copia / LC aBNGR 001050718MOaGRbGRcCTd2010-01-13iLF1l0o327.16 B275pp14509-10r2020-06-25w2020-06-25y1ZNo se presta 001050718MOaGRbGRcCTd2010-01-13iLF1l0o327.16 B275pp14509-20r2020-06-25te.2w2020-06-25y1ZNo se presta c14098d14098